1744 1631 1992 1739 1055 1570 1160 1294 1560 1655 1989 1358 1450 1968 1418 1456 1009 1516 1310 1782 1590 1338 1853 1447 1065 1646 1078 1631 1061 1151 1396 1642 1695 1405 1412 1371 1538 1754 1342 1804 1303 1461 1453 1911 1691 1995 1669 1491 1795 1369 1083 1210 1450 1011 1164 1199 1264 1850 1752 1232 1823 1529 1864 1856 1917 1866 1966 1621 1039 1207 1447 1672 1067 1428 1282 1262 1887 1596 1812 1408 1677 1728 1349 1057 1981 1592 1672 1138 1786 1559 1226 1172 1613 1862 1219 1153 1543 1538 1230 BCNSPRNW ULIB Ver.6.0+V

เปลี่ยนเป็นภาษาไทย

Change to English
 แสดงรายละเอียดบรรณานุกรม
  กลับหน้าหลัก

Brief Record : Get Marc (ISO 2709) : E-mail record : QR code < ปิดหน้าต่าง
LEADER : 00000nam 2200000uu 4500
001    13399112446
003     ULIB
008    110816s2553||||th 000 0 tha d
020    9786165512053
060 04 WB300^bช639M 2553
100 0  ชุษณา สวนกระต่าย
245 00 Manual of medical therapeutics /^cบรรณาธิการ, ชุษณา สวนกระต่าย, กมล แก้วกิติณรงค์, กมลวรรณ จุติวรกุล
250    พิมพ์ครั้งที่ 1
260    กรุงเทพฯ :^bโรงพิมพ์แห่งจุฬาลงกรณ์มหาวิทยาลัย,^c2553
300    533 หน้า ;^c22 ซม.
490 0  โครงการตำราจุฬาอายุรศาสตร์
650  2 Therapeutics
650  4 การรักษาอายุรศาสตร์^xคู่มือ
650  4 การรักษาโรค
700 0  กมลวรรณ จุติวรกุล,^eบรรณาธิการ
700 0  กมล แก้วกิติณรงค์ ,^eบรรณาธิการ
710 2  จุฬาลงกรณ์มหาวิทยาลัย. ^bคณะแพทยศาสตร์.^bภาควิชาอายุรศาสตร์
945    ^p200^l0^i030443
945    ^p200^l0^i030444
945    ^p200^l0^i030445
945    ^p200^l0^i030446
945    ^p200^l0^i030447
945    ^p200^l0^i030448
995    ทศพร
999 ^a ทศพร
รายการนี้ยังไม่มีแท็ก
คุณยังไม่ได้ล็อกอิน คุณสามารถมีกิจกรรมร่วมกับเว็บไซต์ได้ แต่ต้องล็อกอินก่อน ::
  ล็อกอิน

รายการสื่อสารสนเทศ

ลำดับที่ ประเภท เลขเรียก/บาร์โค้ด สถานที่ สถานะ
1. วิทยาศาสตร์การแพทย์ และสุขภาพ
หนังสือสำรอง
สถานะ=หนังสือสำรอง
WB300 ช639M 2553 ฉ.1 
  Barcode: 030443
ห้องสมุดวิทยาเขตสวรรค์ประชารักษ์
►ส่วนจัดเก็บหนังสือเก่า สปร
บนชั้น
  ขอยืม
2. วิทยาศาสตร์การแพทย์ และสุขภาพ
วิทยาศาสตร์การแพทย์ และสุขภาพ
WB300 ช639M 2553 ฉ.2 
  Barcode: 030444
ห้องสมุดวิทยาเขตสวรรค์ประชารักษ์
►ส่วนจัดเก็บหนังสือเก่า สปร
บนชั้น
  ขอยืม
3. วิทยาศาสตร์การแพทย์ และสุขภาพ
วิทยาศาสตร์การแพทย์ และสุขภาพ
WB300 ช639M 2553 ฉ.3 
  Barcode: 030445
ห้องสมุดวิทยาเขตสวรรค์ประชารักษ์
►ส่วนจัดเก็บหนังสือเก่า สปร
บนชั้น
  ขอยืม
4. วิทยาศาสตร์การแพทย์ และสุขภาพ
วิทยาศาสตร์การแพทย์ และสุขภาพ
WB300 ช639M 2553 ฉ.4 
  Barcode: 030446
ห้องสมุดวิทยาเขตสวรรค์ประชารักษ์
►ส่วนจัดเก็บหนังสือเก่า สปร
บนชั้น
  ขอยืม
5. วิทยาศาสตร์การแพทย์ และสุขภาพ
วิทยาศาสตร์การแพทย์ และสุขภาพ
WB300 ช639M 2553 ฉ.5 
  Barcode: 030447
ห้องสมุดวิทยาเขตสวรรค์ประชารักษ์
►ส่วนจัดเก็บหนังสือเก่า สปร
บนชั้น
  ขอยืม
6. วิทยาศาสตร์การแพทย์ และสุขภาพ
วิทยาศาสตร์การแพทย์ และสุขภาพ
WB300 ช639M 2553 ฉ.6 
  Barcode: 030448
ห้องสมุดวิทยาเขตสวรรค์ประชารักษ์
►ส่วนจัดเก็บหนังสือเก่า สปร
บนชั้น
  ขอยืม

รายการใกล้เคียง
    ผู้แต่ง [ชุษณา สวนกระต่าย]

    หัวเรื่อง [Therapeutics]
    หัวเรื่อง [การรักษาโรค]

BibComment


ยังไม่เคยถูกคอมเมนท์

คอมเมนท์ทรัพยากรรายการนี้
  คอมเมนท์: Manual of medical..


 Copyright 2026. Bcnsprnw @Library